| 000 -LEADER |
| fixed length control field |
02771cam a2200433 a 4500 |
| 001 - CONTROL NUMBER |
| control field |
16977016 |
| 003 - CONTROL NUMBER IDENTIFIER |
| control field |
OSt |
| 005 - DATE AND TIME OF LATEST TRANSACTION |
| control field |
20180116192410.0 |
| 008 - FIXED-LENGTH DATA ELEMENTS--GENERAL INFORMATION |
| fixed length control field |
110926s2012 njuab b 001 0 eng |
| 010 ## - LIBRARY OF CONGRESS CONTROL NUMBER |
| LC control number |
2011040421 |
| 020 ## - INTERNATIONAL STANDARD BOOK NUMBER |
| International Standard Book Number |
9780470903810 (acidfree paper) |
| 020 ## - INTERNATIONAL STANDARD BOOK NUMBER |
| International Standard Book Number |
9781118180082 (ebk.) |
| 020 ## - INTERNATIONAL STANDARD BOOK NUMBER |
| International Standard Book Number |
9781118180099 (ebk.) |
| 020 ## - INTERNATIONAL STANDARD BOOK NUMBER |
| International Standard Book Number |
9781118181812 (ebk.) |
| 020 ## - INTERNATIONAL STANDARD BOOK NUMBER |
| International Standard Book Number |
9781118182000 (ebk.) |
| 020 ## - INTERNATIONAL STANDARD BOOK NUMBER |
| International Standard Book Number |
9781118182017 (ebk.) |
| 040 ## - CATALOGING SOURCE |
| Original cataloging agency |
DLC |
| Transcribing agency |
DLC |
| Modifying agency |
DLC |
| 042 ## - AUTHENTICATION CODE |
| Authentication code |
pcc |
| 050 00 - LIBRARY OF CONGRESS CALL NUMBER |
| Classification number |
HT165.5 |
| Item number |
.B35 2012 |
| 082 00 - DEWEY DECIMAL CLASSIFICATION NUMBER |
| Classification number |
711.4 |
| Edition number |
23 |
| 084 ## - OTHER CLASSIFICATION NUMBER |
| Classification number |
ARC010000 |
| Number source |
bisacsh |
| 100 1# - MAIN ENTRY--PERSONAL NAME |
| Personal name |
Bain, Lesley, |
| Dates associated with a name |
1955- |
| 9 (RLIN) |
5741 |
| 245 10 - TITLE STATEMENT |
| Title |
Living streets : |
| Remainder of title |
strategies for crafting public space / |
| Statement of responsibility, etc. |
Lesley Bain, Barbara Gray, Dave Rodgers. |
| 260 ## - PUBLICATION, DISTRIBUTION, ETC. |
| Place of publication, distribution, etc. |
Hoboken, N.J. : |
| Name of publisher, distributor, etc. |
John Wiley & Sons, |
| Date of publication, distribution, etc. |
c2012. |
| 300 ## - PHYSICAL DESCRIPTION |
| Extent |
xvi, 316 p. : |
| Other physical details |
ill., maps ; |
| Dimensions |
21 x 26 cm. |
| 504 ## - BIBLIOGRAPHY, ETC. NOTE |
| Bibliography, etc. note |
Includes bibliographical references (p. 301-309) and index. |
| 520 ## - SUMMARY, ETC. |
| Summary, etc. |
"Written for teams of engineers, transportation planners, landscape architects, and urban planners, this book provides a broad overview of the growing approach towards complete and sustainable street design. Its contents present the background on modern street design and where it has failed, describe a series of street typologies, and demonstrate, through geographically diverse case studies, the applicable lessons learned from each. Featuring examples from over two dozen completed street design projects around the world, it provides practical guidance on the complete street approach to sustainable and community-minded street and road design"-- |
| 520 ## - SUMMARY, ETC. |
| Summary, etc. |
"Serves to provide practical guidance on the complete street approach to sustainable and community-minded street and road design. Written for teams of engineers, transportation planners, landscape architects and urban planners, the book provides a broad overview of the design and policy tools that have been successful, presents background on modern street design and where it has failed in many aspects, describes a series of street typologies, and demonstrates, through a variety of geographically diverse case studies, the applicable lessons learned from each"-- |
| 650 #0 - SUBJECT ADDED ENTRY--TOPICAL TERM |
| Topical term or geographic name entry element |
City planning. |
| 9 (RLIN) |
5742 |
| 650 #0 - SUBJECT ADDED ENTRY--TOPICAL TERM |
| Topical term or geographic name entry element |
Sustainable urban development. |
| 9 (RLIN) |
5743 |
| 650 #0 - SUBJECT ADDED ENTRY--TOPICAL TERM |
| Topical term or geographic name entry element |
Community development. |
| 9 (RLIN) |
5744 |
| 650 #7 - SUBJECT ADDED ENTRY--TOPICAL TERM |
| Topical term or geographic name entry element |
ARCHITECTURE / Urban & Land Use Planning. |
| Source of heading or term |
bisacsh |
| 9 (RLIN) |
5745 |
| 700 1# - ADDED ENTRY--PERSONAL NAME |
| Personal name |
Gray, Barbara, |
| Dates associated with a name |
1966- |
| 9 (RLIN) |
5746 |
| 700 1# - ADDED ENTRY--PERSONAL NAME |
| Personal name |
Rodgers, Dave, |
| Dates associated with a name |
1969- |
| 9 (RLIN) |
5747 |
| 906 ## - LOCAL DATA ELEMENT F, LDF (RLIN) |
| a |
7 |
| b |
cbc |
| c |
orignew |
| d |
1 |
| e |
ecip |
| f |
20 |
| g |
y-gencatlg |
| 942 ## - ADDED ENTRY ELEMENTS (KOHA) |
| Source of classification or shelving scheme |
|
| Koha item type |
Book |